Estudio del comportamiento y diseño de estructuras multicapa para pavimentos con bases estabilizadas de toba-cemento y toba-cemento mas cal.

محفوظ في:
التفاصيل البيبلوغرافية
المؤلف الرئيسي: Brenes Silesky, José Rafael
التنسيق: كتاب
منشور في: [San José , Costa Rica] 1987
الموضوعات:
الوسوم: إضافة وسم
لا توجد وسوم, كن أول من يضع وسما على هذه التسجيلة!

MARC

LEADER 00000nam a2200000Ia 4500
003 004221
005 20221231144352.0
008 140114s1987 c a m 000 ||s d
040 |c cru CEDI 
090 |a TFG 1901 
100 |a Brenes Silesky, José Rafael  |9 14019 
245 |a Estudio del comportamiento y diseño de estructuras multicapa para pavimentos con bases estabilizadas de toba-cemento y toba-cemento mas cal. 
260 |c 1987  |a  [San José , Costa Rica] 
300 |a  iv, 217 hojas : ilustraciones ; 27 cm  
500 |a  Proyecto de graduación (licenciatura en ingeniería civil)--Universidad de Costa Rica. Facultad de Ingeniería. Escuela de Ingeniería Civil 
650 |x PAVIMENTOS   |x TOBA - CEMENTO  |9 14020 
942 |c TFG 
999 |c 20837  |d 20837